Renoir : Partie de campagne - La Grande Illusion (notice n° 1925266)

détails MARC
000 -LEADER
fixed length control field 01580cam a2200133 4500500
005 - DATE AND TIME OF LATEST TRANSACTION
control field 20260329023158.0
041 ## - LANGUAGE CODE
Language code of text/sound track or separate title fre
042 ## - AUTHENTICATION CODE
Authentication code dc
100 10 - MAIN ENTRY--PERSONAL NAME
Personal name Curchod, Olivier
Relator term author
245 00 - TITLE STATEMENT
Title Renoir : Partie de campagne - La Grande Illusion
260 ## - PUBLICATION, DISTRIBUTION, ETC.
Name of publisher, distributor, etc. Armand Colin,<br/>
Date of publication, distribution, etc. 2012.<br/>
520 ## - SUMMARY, ETC.
Summary, etc. Pourquoi Jean Renoir, La Grande Illusion, La Règle du jeu et Partie de campagne occupent-ils, au Panthéon du cinéma français, la première place ? Pourquoi Truffaut, Godard ou Rivette avaient-ils surnommé Renoir le « Patron » ? Et qu’est ce que la « méthode Renoir », un art classique porté à son plus haut point de perfection ou un signe avant-coureur de la « modernité » filmique ? C’est à ces questions, et à bien d’autres, que ce nouveau livre tente de répondre en prenant pour pièces à conviction deux chefs-d’œuvre réalisés au temps du Front populaire, Partie de campagne et La Grande Illusion, analysés ici à la loupe. Les plus jeunes, qui découvrent les films de Renoir au XXIe siècle dans de magnifiques versions restaurées, verront pourquoi ce cinéaste fut « peut-être le plus grand de tous » (Orson Welles). Ils trouveront aussi dans ce livre une méthode de recherche, à la croisée de plusieurs champs d’étude (historiques et esthétiques), leur révélant qui était Renoir au travail. Ils liront même un inédit, le tout premier synopsis de La Grande Illusion, présenté en postface par Martin O’Shaughnessy.
856 41 - ELECTRONIC LOCATION AND ACCESS
Uniform Resource Identifier <a href="https://shs.cairn.info/renoir--9782200283056?lang=fr&redirect-ssocas=7080">https://shs.cairn.info/renoir--9782200283056?lang=fr&redirect-ssocas=7080</a>

Pas d'exemplaire disponible.

PLUDOC

PLUDOC est la plateforme unique et centralisée de gestion des bibliothèques physiques et numériques de Guinée administré par le CEDUST. Elle est la plus grande base de données de ressources documentaires pour les Étudiants, Enseignants chercheurs et Chercheurs de Guinée.

Adresse

627 919 101/664 919 101

25 boulevard du commerce
Kaloum, Conakry, Guinée

Réseaux sociaux

Powered by Netsen Group @ 2025